000 00647nam a2200181Ia 4500
008 090630s9999 xx 000 0 und d
082 _b12255
100 _aडॉ. गाला.
245 _aस्थूलतेतून स्फुर्तीकडे.
_cडॉ. गाला.
260 _bगाला पब्लिशर्स.
_c1992
300 _a175
600 _aडॉ. गाला.
630 _aस्थूलतेतून स्फुर्तीकडे.
655 _aइतर.
700 _aडॉ. गाला.
730 _aस्थूलतेतून स्फुर्तीकडे.
942 _cBOOK
999 _c264111
_d264111